000 00530nam a2200157Ia 4500
008 230907s9999||||xx |||||||||||||| ||und||
082 _a621.4028
_bFAW
100 _aFawad Ahmed (00000202988)
_9116499
245 0 _aDesign, modelling and experimental investigation of modular latent thermal energy storage system for heating applications /
260 _aUSPCAS-E, NUST,
_bIslamabad :
_c2020
300 _a75 p.
520 _aTH-199
650 _aMS-TEE Thesis MS Thesis
700 _aDr. Adeel Waqas
_928869
942 _cTHE
_2ddc
999 _c601878
_d601878